[Event "15th International Khazar Cup (Masters) 2017"]
[Site "Rasht,Guilan,Iran"]
[Date "2017.01.27"]
[Round "9"]
[Board "6"]
[White "Sammalvuo, Tapani"]
[Black "Lupulescu, Constantin"]
[Result "0-1"]
[WhiteElo "2437"]
[BlackElo "2625"]
[PlyCount "0"]
[EventDate "2017.01.20"]
[EventRounds "9"]
[EventCountry "IRI"]

1. d4 {[%clk 1:30:57]} Nf6 {[%clk 1:30:56]} 2. c4 {[%clk 1:31:22]} e6
{[%clk 1:31:23]} 3. Nf3 {[%clk 1:31:46]} d5 {[%clk 1:31:49]} 4. Nc3
{[%clk 1:32:06]} Nbd7 {[%clk 1:32:08]} 5. Bg5 {[%clk 1:32:16]} c6
{[%clk 1:31:54]} 6. e3 {[%clk 1:32:34]} Qa5 {[%clk 1:31:53]} 7. cxd5
{[%clk 1:31:15]} Nxd5 {[%clk 1:32:16]} 8. Rc1 {[%clk 1:31:22]} h6
{[%clk 1:28:45]} 9. Bh4 {[%clk 1:31:40]} Nxc3 {[%clk 1:28:54]} 10. bxc3
{[%clk 1:32:03]} Ba3 {[%clk 1:29:00]} 11. Rc2 {[%clk 1:32:26]} b6
{[%clk 1:29:15]} 12. Be2 {[%clk 1:31:45]} Ba6 {[%clk 1:29:31]} 13. O-O
{[%clk 1:32:08]} Bxe2 {[%clk 1:29:49]} 14. Qxe2 {[%clk 1:32:35]} O-O
{[%clk 1:30:01]} 15. e4 {[%clk 1:25:44]} Rfe8 {[%clk 1:29:08]} 16. e5
{[%clk 1:23:18]} c5 {[%clk 1:20:48]} 17. Nd2 {[%clk 1:10:49]} cxd4
{[%clk 1:18:33]} 18. Nc4 {[%clk 1:09:03]} d3 {[%clk 1:13:35]} 19. Qxd3
{[%clk 1:09:10]} Nxe5 {[%clk 1:13:35]} 20. Nxa5 {[%clk 1:02:46]} Nxd3
{[%clk 1:11:38]} 21. Nc6 {[%clk 1:03:12]} Rec8 {[%clk 1:09:45]} 22. Ne7+
{[%clk 1:01:13]} Bxe7 {[%clk 1:09:59]} 23. Bxe7 {[%clk 1:01:41]} Rc7
{[%clk 1:09:19]} 24. Rd1 {[%clk 1:00:18]} Nxf2 {[%clk 1:07:36]} 25. Rd8+
{[%clk 1:00:37]} Rxd8 {[%clk 1:08:02]} 26. Bxd8 {[%clk 1:01:02]} Rd7
{[%clk 1:06:01]} 27. Bxb6 {[%clk 1:01:21]} Ng4 {[%clk 1:06:12]} 28. Bd4
{[%clk 1:01:29]} e5 {[%clk 1:06:04]} 29. h3 {[%clk 1:01:54]} exd4
{[%clk 1:06:03]} 30. hxg4 {[%clk 1:02:17]} Rc7 {[%clk 1:05:06]} 31. c4
{[%clk 1:02:42]} d3 {[%clk 1:05:30]} 32. Rc3 {[%clk 1:02:42]} d2 {[%clk 1:05:42]}
 0-1

[Event "15th International Khazar Cup (Masters) 2017"]
[Site "Rasht,Guilan,Iran"]
[Date "2017.01.27"]
[Round "9"]
[Board "7"]
[White "Tiviakov, Sergei"]
[Black "Alavi, Sayed Javad"]
[Result "1-0"]
[WhiteElo "2601"]
[BlackElo "2453"]
[PlyCount "0"]
[EventDate "2017.01.20"]
[EventRounds "9"]
[EventCountry "IRI"]

1. e4 {[%clk 1:30:44]} e5 {[%clk 1:30:08]} 2. Bc4 {[%clk 1:31:07]} Nf6
{[%clk 1:30:05]} 3. d3 {[%clk 1:31:31]} Nc6 {[%clk 1:29:57]} 4. Nf3
{[%clk 1:31:52]} Bc5 {[%clk 1:29:19]} 5. O-O {[%clk 1:31:46]} a6 {[%clk 1:25:05]}
6. c3 {[%clk 1:31:46]} Ba7 {[%clk 1:24:47]} 7. Bb3 {[%clk 1:29:27]} d6
{[%clk 1:22:11]} 8. Be3 {[%clk 1:29:18]} O-O {[%clk 1:21:27]} 9. Nbd2
{[%clk 1:29:17]} h6 {[%clk 1:16:52]} 10. h3 {[%clk 1:25:25]} Re8 {[%clk 1:16:13]}
11. Bc2 {[%clk 1:19:30]} d5 {[%clk 1:04:50]} 12. Bxa7 {[%clk 1:18:48]} Rxa7
{[%clk 1:05:19]} 13. Re1 {[%clk 1:18:29]} Be6 {[%clk 1:01:54]} 14. exd5
{[%clk 1:13:24]} Bxd5 {[%clk 1:01:12]} 15. Re3 {[%clk 1:12:20]} Ra8
{[%clk 0:50:34]} 16. Qe2 {[%clk 1:11:16]} Nh5 {[%clk 0:39:50]} 17. g3
{[%clk 1:00:09]} Qd7 {[%clk 0:26:38]} 18. Kh2 {[%clk 1:00:03]} Qf5
{[%clk 0:23:29]} 19. Re1 {[%clk 0:55:16]} Nf6 {[%clk 0:21:50]} 20. Bb1
{[%clk 0:42:21]} Qd7 {[%clk 0:19:27]} 21. Nc4 {[%clk 0:35:33]} Bxc4
{[%clk 0:16:44]} 22. dxc4 {[%clk 0:34:35]} Re7 {[%clk 0:16:45]} 23. b4
{[%clk 0:33:36]} Rae8 {[%clk 0:16:18]} 24. Nd2 {[%clk 0:30:53]} Nh7
{[%clk 0:12:35]} 25. Nf3 {[%clk 0:27:03]} Nf6 {[%clk 0:12:34]} 26. b5
{[%clk 0:26:38]} axb5 {[%clk 0:12:40]} 27. cxb5 {[%clk 0:27:04]} Na7
{[%clk 0:12:49]} 28. c4 {[%clk 0:25:49]} e4 {[%clk 0:10:17]} 29. Nd2
{[%clk 0:26:14]} c6 {[%clk 0:08:01]} 30. a4 {[%clk 0:21:49]} cxb5
{[%clk 0:07:52]} 31. axb5 {[%clk 0:21:48]} Nc8 {[%clk 0:08:17]} 32. Nxe4
{[%clk 0:22:04]} Nxe4 {[%clk 0:08:43]} 33. Bxe4 {[%clk 0:20:40]} Nd6
{[%clk 0:08:56]} 34. Qd3 {[%clk 0:19:14]} Qc7 {[%clk 0:08:28]} 35. Bd5
{[%clk 0:18:24]} Rxe3 {[%clk 0:08:48]} 36. Rxe3 {[%clk 0:18:47]} Rxe3
{[%clk 0:09:10]} 37. Qxe3 {[%clk 0:19:13]} b6 {[%clk 0:08:56]} 38. Bc6
{[%clk 0:18:20]} Qd8 {[%clk 0:08:13]} 39. Qd4 {[%clk 0:11:28]} g6
{[%clk 0:06:43]} 40. Kg2 {[%clk 0:11:22]} h5 {[%clk 0:07:05]} 41. h4
{[%clk 0:11:29]} Qc7 {[%clk 0:06:33]} 42. Qe5 {[%clk 0:09:48]} Qd8
{[%clk 0:05:43]} 43. Qd5 {[%clk 0:09:03]} Qc7 {[%clk 0:06:01]} 44. c5
{[%clk 0:08:47]} bxc5 {[%clk 0:02:35]} 45. b6 {[%clk 0:09:12]} 1-0

[Event "15th International Khazar Cup (Masters) 2017"]
[Site "Rasht,Guilan,Iran"]
[Date "2017.01.27"]
[Round "9"]
[Board "8"]
[White "Korneev, Oleg"]
[Black "Gharibyan, Mamikon"]
[Result "1-0"]
[WhiteElo "2598"]
[BlackElo "2155"]
[PlyCount "0"]
[EventDate "2017.01.20"]
[EventRounds "9"]
[EventCountry "IRI"]

1. e4 {[%clk 1:28:02]} e6 {[%clk 1:27:50]} 2. d4 {[%clk 1:27:30]} d5
{[%clk 1:27:43]} 3. Nd2 {[%clk 1:27:51]} c5 {[%clk 1:26:54]} 4. Ngf3
{[%clk 1:28:09]} cxd4 {[%clk 1:26:13]} 5. Nxd4 {[%clk 1:27:13]} Nc6
{[%clk 1:25:53]} 6. Bb5 {[%clk 1:27:08]} Bd7 {[%clk 1:25:42]} 7. Nxc6
{[%clk 1:27:30]} bxc6 {[%clk 1:24:29]} 8. Bd3 {[%clk 1:27:51]} Bd6
{[%clk 1:22:53]} 9. Qe2 {[%clk 1:28:07]} Qc7 {[%clk 1:18:24]} 10. Nf3
{[%clk 1:27:49]} dxe4 {[%clk 1:16:26]} 11. Qxe4 {[%clk 1:27:22]} Nf6
{[%clk 1:13:03]} 12. Qh4 {[%clk 1:27:19]} Nd5 {[%clk 1:08:16]} 13. O-O
{[%clk 1:11:34]} Nf4 {[%clk 0:56:54]} 14. Rd1 {[%clk 1:02:17]} Rd8
{[%clk 0:45:56]} 15. Bf1 {[%clk 0:54:51]} Ng6 {[%clk 0:42:34]} 16. Qh5
{[%clk 0:53:50]} h6 {[%clk 0:37:15]} 17. Bd3 {[%clk 0:26:20]} Nf4
{[%clk 0:27:10]} 18. Bxf4 {[%clk 0:26:39]} Bxf4 {[%clk 0:27:38]} 19. g3
{[%clk 0:26:45]} Bd6 20. Nd2 {[%clk 0:22:42]} O-O {[%clk 0:16:00]} 21. Nc4
{[%clk 0:23:03]} Be7 {[%clk 0:15:09]} 22. Qe5 {[%clk 0:23:05]} Qb7
{[%clk 0:12:43]} 23. a4 {[%clk 0:13:33]} c5 {[%clk 0:10:30]} 24. Qe4
{[%clk 0:12:36]} Qxe4 {[%clk 0:10:52]} 25. Bxe4 {[%clk 0:13:05]} Bf6
{[%clk 0:10:06]} 26. c3 {[%clk 0:13:22]} Bc8 {[%clk 0:09:23]} 27. Na5
{[%clk 0:10:33]} Ba6 {[%clk 0:08:20]} 28. Nc6 {[%clk 0:08:53]} Rxd1+
{[%clk 0:06:55]} 29. Rxd1 {[%clk 0:09:21]} Bb7 {[%clk 0:06:01]} 30. Rd7
{[%clk 0:08:44]} Bxc6 {[%clk 0:05:55]} 31. Bxc6 {[%clk 0:09:12]} Rb8
{[%clk 0:05:41]} 32. Bb7 {[%clk 0:00:33]} Kf8 {[%clk 0:01:12]} 33. a5
{[%clk 0:00:51]} Bd8 {[%clk 0:00:32]} 34. b4 {[%clk 0:00:45]} c4 {[%clk 0:00:34]}
35. Bc6 {[%clk 0:00:37]} Bf6 {[%clk 0:00:40]} 36. b5 {[%clk 0:00:47]} Bxc3
{[%clk 0:00:42]} 37. Rxa7 {[%clk 0:01:10]} Bb4 {[%clk 0:00:42]} 38. b6
{[%clk 0:00:46]} c3 {[%clk 0:00:34]} 39. Be4 {[%clk 0:00:45]} f5 {[%clk 0:00:33]}
40. Bc2 {[%clk 0:01:01]} Bxa5 {[%clk 0:00:31]} 41. Rxa5 {[%clk 0:01:26]} Rxb6
{[%clk 0:01:00]} 42. Rc5 {[%clk 0:01:48]} Ke7 {[%clk 0:01:11]} 43. Rxc3
{[%clk 0:01:43]} Kf6 {[%clk 0:01:36]} 44. h4 {[%clk 0:01:46]} g5 {[%clk 0:01:29]}
45. h5 {[%clk 0:01:45]} g4 {[%clk 0:01:19]} 46. Rc8 {[%clk 0:02:10]} Kg5
{[%clk 0:00:31]} 47. Rg8+ {[%clk 0:02:36]} Kf6 {[%clk 0:00:35]} 48. Rg6+
{[%clk 0:02:59]} Ke5 {[%clk 0:01:04]} 49. Rxh6 {[%clk 0:03:22]} f4
{[%clk 0:01:11]} 50. gxf4+ {[%clk 0:02:56]} Kxf4 {[%clk 0:01:39]} 51. Rg6
{[%clk 0:02:45]} Rb5 {[%clk 0:01:03]} 52. h6 {[%clk 0:02:54]} Rh5
{[%clk 0:00:57]} 53. Rxg4+ {[%clk 0:02:23]} Kxg4 {[%clk 0:00:04]} 54. Bd1+
{[%clk 0:02:52]} Kg5 {[%clk 0:00:55]} 55. Bxh5 {[%clk 0:03:20]} Kxh6
{[%clk 0:01:18]} 56. Bg4 {[%clk 0:03:29]} e5 {[%clk 0:01:40]} 57. Kg2
{[%clk 0:03:32]} Kg5 {[%clk 0:02:01]} 58. Kf3 {[%clk 0:03:38]} Kh4
{[%clk 0:02:08]} 59. Bc8 {[%clk 0:03:46]} 1-0

[Event "15th International Khazar Cup (Masters) 2017"]
[Site "Rasht,Guilan,Iran"]
[Date "2017.01.27"]
[Round "9"]
[Board "9"]
[White "Khademi, Mohammad Miran"]
[Black "Maghsoodloo, Parham"]
[Result "0-1"]
[WhiteElo "2315"]
[BlackElo "2584"]
[PlyCount "0"]
[EventDate "2017.01.20"]
[EventRounds "9"]
[EventCountry "IRI"]

1. e4 {[%clk 1:30:31]} c6 {[%clk 1:14:22]} 2. Nc3 {[%clk 1:29:41]} d5
{[%clk 1:14:49]} 3. Nf3 {[%clk 1:29:56]} Bg4 {[%clk 1:15:12]} 4. h3
{[%clk 1:29:40]} Bxf3 {[%clk 1:15:20]} 5. Qxf3 {[%clk 1:29:59]} e6
{[%clk 1:15:35]} 6. d4 {[%clk 1:25:28]} Nf6 {[%clk 1:14:56]} 7. Bd3
{[%clk 1:18:31]} dxe4 {[%clk 1:12:42]} 8. Nxe4 {[%clk 1:15:35]} Qxd4
{[%clk 1:12:30]} 9. Be3 {[%clk 1:15:47]} Qd8 {[%clk 1:07:07]} 10. O-O-O
{[%clk 1:15:47]} Nbd7 {[%clk 1:06:02]} 11. Kb1 {[%clk 1:05:36]} Nd5
{[%clk 0:53:33]} 12. Bg5 {[%clk 0:57:32]} Qa5 {[%clk 0:52:40]} 13. Rhe1
{[%clk 0:52:22]} Ne5 {[%clk 0:49:24]} 14. Qe2 {[%clk 0:45:15]} h6
{[%clk 0:46:00]} 15. Bd2 {[%clk 0:44:55]} Qb6 {[%clk 0:43:24]} 16. c4
{[%clk 0:44:23]} Qd4 {[%clk 0:36:19]} 17. Bc1 {[%clk 0:30:05]} Nb4
{[%clk 0:29:36]} 18. Be3 {[%clk 0:29:56]} Qd8 {[%clk 0:29:57]} 19. Bc2
{[%clk 0:30:03]} Qa5 {[%clk 0:28:14]} 20. Bb3 {[%clk 0:28:54]} Ned3
{[%clk 0:21:19]} 21. Rf1 {[%clk 0:29:14]} Qe5 {[%clk 0:20:00]} 22. f3
{[%clk 0:29:14]} f5 {[%clk 0:19:37]} 23. a3 {[%clk 0:26:35]} fxe4
{[%clk 0:15:05]} 24. axb4 {[%clk 0:26:58]} Nxb4 {[%clk 0:13:15]} 25. fxe4
{[%clk 0:19:00]} Qxe4+ {[%clk 0:12:36]} 26. Kc1 {[%clk 0:18:52]} Be7
{[%clk 0:12:14]} 27. Rd4 {[%clk 0:13:32]} Qg6 {[%clk 0:06:55]} 28. Rg4
{[%clk 0:10:11]} Qd3 {[%clk 0:06:50]} 29. Qxd3 {[%clk 0:08:20]} Nxd3+
{[%clk 0:07:19]} 30. Kd2 {[%clk 0:07:05]} Rd8 {[%clk 0:02:32]} 31. Ke2
{[%clk 0:05:21]} g5 {[%clk 0:01:21]} 32. Bc2 {[%clk 0:04:32]} Nf4+
{[%clk 0:01:16]} 33. Bxf4 {[%clk 0:03:55]} gxf4 {[%clk 0:01:45]} 34. Rfxf4
{[%clk 0:03:23]} Bg5 {[%clk 0:01:37]} 35. Bg6+ {[%clk 0:03:44]} Kd7
{[%clk 0:02:06]} 36. Rf7+ {[%clk 0:03:09]} Kc8 {[%clk 0:02:35]} 37. h4
{[%clk 0:02:53]} Bc1 {[%clk 0:02:50]} 38. b4 {[%clk 0:01:17]} Rd2+
{[%clk 0:02:57]} 39. Kf3 {[%clk 0:01:23]} Rhd8 {[%clk 0:02:58]} 40. b5
{[%clk 0:00:53]} R8d7 {[%clk 0:00:33]} 41. Rxd7 {[%clk 0:00:37]} Kxd7
{[%clk 0:00:46]} 42. Be4 {[%clk 0:01:02]} Kc7 {[%clk 0:00:55]} 43. Rg6
{[%clk 0:00:59]} Rd4 {[%clk 0:00:33]} 44. bxc6 {[%clk 0:00:37]} bxc6
{[%clk 0:01:02]} 45. c5 {[%clk 0:00:56]} Rc4 {[%clk 0:01:19]} 46. Rg7+
{[%clk 0:01:16]} Kd8 {[%clk 0:01:33]} 47. Bxc6 {[%clk 0:00:44]} Rxc5
{[%clk 0:02:02]} 48. Be4 {[%clk 0:01:05]} a5 {[%clk 0:02:27]} 49. Ra7
{[%clk 0:01:08]} Rc3+ {[%clk 0:02:15]} 50. Kg4 {[%clk 0:01:25]} Rc4
{[%clk 0:02:36]} 51. Kf3 {[%clk 0:01:47]} a4 {[%clk 0:03:05]} 52. Bb1
{[%clk 0:00:39]} Rxh4 {[%clk 0:01:42]} 53. Ba2 {[%clk 0:00:36]} e5
{[%clk 0:01:50]} 54. g4 {[%clk 0:00:35]} a3 {[%clk 0:02:14]} 55. Be6
{[%clk 0:00:59]} Rh2 {[%clk 0:01:22]} 56. Ke4 {[%clk 0:01:05]} Bb2
{[%clk 0:01:50]} 57. Rd7+ {[%clk 0:01:02]} Ke8 {[%clk 0:02:13]} 58. Ra7
{[%clk 0:01:21]} Rd2 {[%clk 0:02:13]} 59. Kf5 {[%clk 0:00:34]} Rf2+
{[%clk 0:02:07]} 60. Ke4 {[%clk 0:00:57]} Rf4+ {[%clk 0:01:36]} 61. Kd3
{[%clk 0:00:55]} Rd4+ {[%clk 0:02:04]} 62. Ke2 {[%clk 0:01:09]} Kd8
{[%clk 0:01:54]} 63. Bf5 {[%clk 0:01:13]} Bc1 {[%clk 0:01:35]} 64. Be6
{[%clk 0:01:04]} e4 {[%clk 0:01:37]} 65. Bf5 {[%clk 0:00:34]} Rd2+
{[%clk 0:01:45]} 66. Ke1 {[%clk 0:00:59]} e3 {[%clk 0:02:12]} 67. Be6
{[%clk 0:01:06]} Bb2 {[%clk 0:01:54]} 68. Bc4 {[%clk 0:01:20]} Rc2
{[%clk 0:02:16]} 69. Bd3 {[%clk 0:00:57]} Bc3+ {[%clk 0:02:37]} 70. Kf1
{[%clk 0:01:10]} Rf2+ {[%clk 0:03:00]} 71. Kg1 {[%clk 0:01:24]} a2
{[%clk 0:03:20]} 0-1

[Event "15th International Khazar Cup (Masters) 2017"]
[Site "Rasht,Guilan,Iran"]
[Date "2017.01.27"]
[Round "9"]
[Board "10"]
[White "Gholami, Aryan"]
[Black "Alinasab, Mobina"]
[Result "1-0"]
[WhiteElo "2426"]
[BlackElo "2220"]
[PlyCount "0"]
[EventDate "2017.01.20"]
[EventRounds "9"]
[EventCountry "IRI"]

1. c4 {[%clk 1:30:38]} Nf6 {[%clk 1:30:52]} 2. Nc3 {[%clk 1:30:39]} e6
{[%clk 1:30:48]} 3. e4 {[%clk 1:29:45]} c5 {[%clk 1:26:55]} 4. e5
{[%clk 1:28:28]} Ng8 {[%clk 1:27:24]} 5. Nf3 {[%clk 1:28:49]} Nc6
{[%clk 1:25:02]} 6. d4 {[%clk 1:28:34]} cxd4 {[%clk 1:24:21]} 7. Nxd4
{[%clk 1:29:02]} Nxe5 {[%clk 1:24:17]} 8. Ndb5 {[%clk 1:28:54]} Ng6
{[%clk 1:17:53]} 9. Nd6+ {[%clk 1:22:44]} Bxd6 {[%clk 1:18:18]} 10. Qxd6
{[%clk 1:23:12]} Qe7 {[%clk 1:18:34]} 11. Qd4 {[%clk 1:12:35]} Qf6
{[%clk 1:07:40]} 12. Be3 {[%clk 1:06:45]} Qxd4 {[%clk 0:57:05]} 13. Bxd4
{[%clk 1:07:07]} e5 {[%clk 0:57:33]} 14. Bc5 {[%clk 1:05:53]} b6 {[%clk 0:57:58]}
15. Ba3 {[%clk 1:06:20]} N8e7 {[%clk 0:58:01]} 16. O-O-O {[%clk 1:05:22]} O-O
{[%clk 0:54:52]} 17. Nd5 {[%clk 1:04:24]} Nxd5 {[%clk 0:55:20]} 18. Bxf8
{[%clk 1:04:30]} Nf6 {[%clk 0:55:48]} 19. Bb4 {[%clk 1:04:35]} Bb7
{[%clk 0:55:12]} 20. f3 {[%clk 1:02:10]} Rc8 {[%clk 0:54:57]} 21. b3
{[%clk 1:00:41]} d5 {[%clk 0:54:31]} 22. Kb2 {[%clk 1:00:44]} d4 {[%clk 0:54:46]}
23. Bd2 {[%clk 1:00:27]} Nh5 {[%clk 0:51:39]} 24. Bd3 {[%clk 0:59:16]} Nhf4
{[%clk 0:51:45]} 25. Bf5 {[%clk 0:59:03]} Re8 {[%clk 0:50:24]} 26. g3
{[%clk 0:58:16]} Nh5 {[%clk 0:43:53]} 27. Rhf1 {[%clk 0:57:04]} Ne7
{[%clk 0:43:58]} 28. Bd3 {[%clk 0:54:13]} Nf6 {[%clk 0:43:34]} 29. Rde1
{[%clk 0:49:46]} Nd7 {[%clk 0:39:39]} 30. b4 {[%clk 0:47:26]} f5 {[%clk 0:39:56]}
31. Bg5 {[%clk 0:43:53]} g6 {[%clk 0:36:52]} 32. g4 {[%clk 0:41:57]} e4
{[%clk 0:36:11]} 33. gxf5 {[%clk 0:40:57]} gxf5 {[%clk 0:35:42]} 34. fxe4
{[%clk 0:40:11]} Ne5 {[%clk 0:36:02]} 35. Bb1 {[%clk 0:39:58]} Nxc4+
{[%clk 0:34:18]} 36. Ka1 {[%clk 0:39:31]} f4 {[%clk 0:32:31]} 37. Bxf4
{[%clk 0:38:14]} Ng6 {[%clk 0:32:41]} 38. Bh6 {[%clk 0:38:01]} Nce5
{[%clk 0:33:02]} 39. a3 {[%clk 0:37:53]} Ba6 {[%clk 0:33:14]} 40. Rf5
{[%clk 0:35:03]} d3 {[%clk 0:32:18]} 41. Rg1 {[%clk 0:34:18]} Bc4
{[%clk 0:28:31]} 42. h4 {[%clk 0:33:57]} Nf7 {[%clk 0:28:54]} 43. Bc1
{[%clk 0:33:24]} Nd6 {[%clk 0:28:32]} 44. h5 {[%clk 0:32:25]} Nxf5
{[%clk 0:28:48]} 45. exf5 {[%clk 0:32:48]} Re2 {[%clk 0:29:11]} 46. fxg6
{[%clk 0:32:35]} 1-0

[Event "15th International Khazar Cup (Masters) 2017"]
[Site "Rasht,Guilan,Iran"]
[Date "2017.01.27"]
[Round "9"]
[Board "11"]
[White "Sadeh, Shahin"]
[Black "Asgarizadeh, Ahmad"]
[Result "1-0"]
[WhiteElo "2302"]
[BlackElo "2421"]
[PlyCount "0"]
[EventDate "2017.01.20"]
[EventRounds "9"]
[EventCountry "IRI"]

1. Nf3 {[%clk 1:27:47]} d5 {[%clk 1:30:00]} 2. e3 {[%clk 1:28:13]} c5
{[%clk 1:30:23]} 3. b3 {[%clk 1:26:28]} a6 {[%clk 1:27:41]} 4. Be2
{[%clk 1:21:32]} Nc6 {[%clk 1:27:39]} 5. d4 {[%clk 1:19:49]} Nf6 {[%clk 1:26:00]}
6. O-O {[%clk 1:19:43]} cxd4 {[%clk 1:25:09]} 7. exd4 {[%clk 1:18:42]} Bf5
{[%clk 1:24:38]} 8. Ba3 {[%clk 1:13:30]} Qa5 {[%clk 1:17:42]} 9. Bd3
{[%clk 1:07:20]} Bg4 {[%clk 1:09:08]} 10. c3 {[%clk 0:59:42]} Ne4
{[%clk 1:07:57]} 11. h3 {[%clk 0:47:13]} Nxc3 {[%clk 0:59:37]} 12. Nxc3
{[%clk 0:45:01]} Bxf3 {[%clk 0:59:43]} 13. Qxf3 {[%clk 0:31:04]} Qxc3
{[%clk 0:58:47]} 14. Rfe1 {[%clk 0:30:33]} e6 {[%clk 0:54:00]} 15. Rxe6+
{[%clk 0:30:33]} Kd8 {[%clk 0:50:31]} 16. Qxd5+ {[%clk 0:20:36]} Kc7
{[%clk 0:50:05]} 17. Rxc6+ {[%clk 0:15:10]} bxc6 {[%clk 0:45:53]} 18. Qxf7+
{[%clk 0:15:31]} Kb6 {[%clk 0:45:11]} 19. Rc1 {[%clk 0:15:21]} Qxd4
{[%clk 0:45:06]} 20. Qe6 {[%clk 0:14:32]} Qd5 {[%clk 0:22:56]} 21. Qe3+
{[%clk 0:14:47]} Kb7 {[%clk 0:20:41]} 22. Be4 {[%clk 0:14:37]} Re8
{[%clk 0:19:46]} 23. Bxd5 {[%clk 0:05:08]} Rxe3 {[%clk 0:19:53]} 24. Bxc6+
{[%clk 0:05:33]} Kb6 {[%clk 0:19:57]} 25. Bxf8 {[%clk 0:05:55]} Re6
{[%clk 0:18:50]} 26. Bd5 {[%clk 0:05:37]} Rg6 {[%clk 0:18:31]} 27. Bc5+
{[%clk 0:05:17]} Kc7 {[%clk 0:18:36]} 28. Be3+ {[%clk 0:05:16]} Kd7
{[%clk 0:18:59]} 29. Be4 {[%clk 0:05:32]} Rf6 {[%clk 0:18:51]} 30. g4
{[%clk 0:05:12]} Rb8 {[%clk 0:18:46]} 31. Bf5+ {[%clk 0:04:54]} 1-0

[Event "15th International Khazar Cup (Masters) 2017"]
[Site "Rasht,Guilan,Iran"]
[Date "2017.01.27"]
[Round "9"]
[Board "13"]
[White "Jamshidi, Amir Hossein"]
[Black "Tahbaz, Arash"]
[Result "1-0"]
[WhiteElo "2125"]
[BlackElo "2414"]
[PlyCount "0"]
[EventDate "2017.01.20"]
[EventRounds "9"]
[EventCountry "IRI"]

1. c4 {[%clk 1:30:57]} c5 {[%clk 1:26:51]} 2. g3 {[%clk 1:30:39]} Nc6
{[%clk 1:27:19]} 3. Bg2 {[%clk 1:30:39]} g6 {[%clk 1:27:47]} 4. e3
{[%clk 1:30:22]} Bg7 {[%clk 1:28:15]} 5. Ne2 {[%clk 1:30:10]} e5 {[%clk 1:25:59]}
6. Nbc3 {[%clk 1:29:22]} Nge7 {[%clk 1:26:27]} 7. O-O {[%clk 1:28:09]} O-O
{[%clk 1:26:54]} 8. b3 {[%clk 1:27:35]} d6 {[%clk 1:26:56]} 9. Bb2
{[%clk 1:27:32]} a6 {[%clk 1:12:21]} 10. d3 {[%clk 1:23:33]} Rb8 {[%clk 1:12:48]}
11. Qd2 b5 {[%clk 1:12:48]} 12. f4 {[%clk 1:11:59]} Qa5 {[%clk 1:03:01]} 13. Rad1
{[%clk 0:59:59]} Bb7 {[%clk 0:57:07]} 14. Ba1 {[%clk 0:52:42]} Nf5
{[%clk 0:44:00]} 15. g4 {[%clk 0:41:32]} Nh4 {[%clk 0:44:29]} 16. Bd5
{[%clk 0:39:18]} exf4 {[%clk 0:44:24]} 17. exf4 {[%clk 0:34:26]} Rfe8
{[%clk 0:34:06]} 18. Kh1 {[%clk 0:26:08]} Qc7 {[%clk 0:28:40]} 19. Ne4
{[%clk 0:16:02]} Bxa1 {[%clk 0:08:22]} 20. Rxa1 {[%clk 0:16:07]} Nb4
{[%clk 0:08:02]} 21. N2c3 {[%clk 0:09:11]} Kg7 {[%clk 0:05:42]} 22. f5
{[%clk 0:07:50]} Nxd5 {[%clk 0:04:37]} 23. Nxd5 {[%clk 0:07:54]} Bxd5
{[%clk 0:05:06]} 24. cxd5 {[%clk 0:06:27]} h6 {[%clk 0:04:19]} 25. f6+
{[%clk 0:05:23]} Kh7 {[%clk 0:04:32]} 26. Ng5+ {[%clk 0:05:10]} hxg5
{[%clk 0:04:27]} 27. Qxg5 {[%clk 0:05:34]} Rh8 {[%clk 0:02:03]} 28. Qxh4+
{[%clk 0:05:45]} Kg8 {[%clk 0:02:32]} 29. Qg3 {[%clk 0:05:46]} Re8
{[%clk 0:02:42]} 30. Rae1 {[%clk 0:05:37]} Re5 {[%clk 0:02:38]} 31. Rxe5
{[%clk 0:04:20]} dxe5 {[%clk 0:03:07]} 32. Re1 {[%clk 0:04:27]} Qd6
{[%clk 0:03:37]} 33. Qxe5 {[%clk 0:03:46]} Qxe5 {[%clk 0:03:56]} 34. Rxe5
{[%clk 0:04:11]} Kh7 {[%clk 0:03:15]} 35. g5 {[%clk 0:03:27]} Rc8
{[%clk 0:03:32]} 36. d6 {[%clk 0:03:38]} c4 {[%clk 0:03:46]} 37. dxc4
{[%clk 0:04:00]} bxc4 {[%clk 0:04:15]} 38. bxc4 {[%clk 0:04:22]} Rxc4
{[%clk 0:04:43]} 39. Rd5 {[%clk 0:04:43]} Rc8 {[%clk 0:04:34]} 40. d7
{[%clk 0:05:08]} Rd8 {[%clk 0:05:03]} 41. Kg2 {[%clk 0:05:26]} a5
{[%clk 0:05:32]} 42. a4 {[%clk 0:05:49]} Rb8 {[%clk 0:05:54]} 43. Rxa5
{[%clk 0:04:05]} Rb2+ {[%clk 0:05:40]} 44. Kg3 {[%clk 0:04:24]} Rd2
{[%clk 0:06:04]} 45. Ra7 {[%clk 0:03:59]} Kg8 46. h4 {[%clk 0:03:52]} Kh7
{[%clk 0:06:46]} 47. a5 {[%clk 0:03:26]} Kh8 {[%clk 0:07:03]} 48. h5
{[%clk 0:02:37]} Kh7 {[%clk 0:07:09]} 49. a6 {[%clk 0:02:11]} gxh5
{[%clk 0:07:35]} 50. Rb7 {[%clk 0:02:25]} 1-0

[Event "15th International Khazar Cup (Masters) 2017"]
[Site "Rasht,Guilan,Iran"]
[Date "2017.01.27"]
[Round "9"]
[Board "14"]
[White "Omidi, Arya"]
[Black "Toufighi, Homayoon"]
[Result "1-0"]
[WhiteElo "2313"]
[BlackElo "2407"]
[PlyCount "0"]
[EventDate "2017.01.20"]
[EventRounds "9"]
[EventCountry "IRI"]

1. e4 {[%clk 1:30:17]} a6 {[%clk 1:13:01]} 2. a3 {[%clk 1:28:28]} h6
{[%clk 1:13:27]} 3. h3 {[%clk 1:28:54]} g5 {[%clk 1:13:51]} 4. h4
{[%clk 1:28:58]} gxh4 {[%clk 1:14:15]} 5. Nc3 {[%clk 1:23:01]} e6
{[%clk 1:12:54]} 6. d4 {[%clk 1:16:28]} b5 {[%clk 1:11:19]} 7. Nf3
{[%clk 1:07:38]} Be7 {[%clk 1:07:16]} 8. Bd3 {[%clk 0:56:47]} Bb7
{[%clk 1:06:51]} 9. Bf4 {[%clk 0:52:20]} d6 {[%clk 1:07:04]} 10. Qe2
{[%clk 0:52:09]} Nd7 {[%clk 1:07:00]} 11. O-O-O {[%clk 0:47:30]} c5
{[%clk 1:05:43]} 12. dxc5 {[%clk 0:44:50]} Nxc5 {[%clk 1:05:52]} 13. e5
{[%clk 0:42:06]} d5 {[%clk 1:06:11]} 14. Nd4 {[%clk 0:41:40]} Qb6
{[%clk 1:06:20]} 15. Qg4 {[%clk 0:40:44]} Bf8 {[%clk 1:02:27]} 16. Be3
{[%clk 0:38:11]} b4 {[%clk 0:56:15]} 17. axb4 {[%clk 0:36:24]} Qxb4
{[%clk 0:56:38]} 18. f4 {[%clk 0:34:07]} Ne7 {[%clk 0:53:35]} 19. Qh5
{[%clk 0:34:28]} Bc8 {[%clk 0:53:45]} 20. f5 {[%clk 0:28:07]} Nxf5
{[%clk 0:42:32]} 21. Nxf5 {[%clk 0:21:48]} Rb8 {[%clk 0:40:09]} 22. Nd6+
{[%clk 0:17:42]} Bxd6 {[%clk 0:39:57]} 23. exd6 {[%clk 0:18:09]} Qxb2+
{[%clk 0:27:10]} 24. Kd2 {[%clk 0:18:37]} Nb3+ {[%clk 0:27:07]} 25. Ke2
{[%clk 0:19:06]} Qxc3 {[%clk 0:26:31]} 26. Rhf1 {[%clk 0:18:40]} Rb7
{[%clk 0:24:29]} 27. cxb3 {[%clk 0:18:45]} Rg8 {[%clk 0:24:04]} 28. Rc1
{[%clk 0:14:46]} Rxg2+ {[%clk 0:23:41]} 29. Rf2 {[%clk 0:15:07]} Rxf2+
{[%clk 0:24:03]} 30. Kxf2 {[%clk 0:15:27]} Qf6+ {[%clk 0:24:17]} 31. Ke2
{[%clk 0:15:45]} Bd7 {[%clk 0:24:10]} 32. Qg4 {[%clk 0:16:08]} Kf8
{[%clk 0:23:46]} 33. Rg1 {[%clk 0:16:24]} Qb2+ {[%clk 0:23:50]} 34. Kf3
{[%clk 0:15:09]} Qf6+ {[%clk 0:24:11]} 35. Bf4 {[%clk 0:15:14]} 1-0